000 00547nam a2200205 a 4500
001 BRCA_7275
005 20190320205757.0
008 270112s1930----nyu#######---#000-0#eng-#
041 _aeng
044 _anyu
050 4 _aPS3525 .A67
_bA85 1930
100 1 _aMarquis, Don
_d1878-1937
_918008
245 1 0 _aarchy and mehitabel
_cby don marquis.
260 _aGarden City, Nueva York
_bDoubleday & Co
_c1930
300 _ax, 196p.
_c19 cm.
500 _aP32
650 1 4 _aPoesía
_xHumor
_zEstados Unidos
_918009
902 _aGFM
942 _2lcc
_cB
999 _c6953
_d6953